[Event "ch-ISL 2016"]
[Site "Reykjavik ISL"]
[Date "2016.06.03"]
[Round "4.3"]
[White "Ingvason, Johann"]
[Black "Gretarsson, Hjorvar Steinn"]
[Result "0-1"]
[BlackTitle "GM"]
[WhiteElo "2142"]
[BlackElo "2580"]
[WhiteFideId "2301431"]
[BlackFideId "2302241"]
[EventDate "2016.05.31"]

1. e4 c5 2. Nf3 d6 3. d4 cxd4 4. Nxd4 Nf6 5. Nc3 a6 6. Bd3 e5 7. Nde2 b5 8. Bg5
Nbd7 9. Nd5 Bb7 10. c4 Bxd5 11. cxd5 Be7 12. Bxf6 Bxf6 13. O-O O-O 14. a4 b4 15.
Nc1 Bg5 16. Nb3 Bh6 17. a5 Qb8 18. Qe1 Qb7 19. Ra4 Rfb8 20. g3 g6 21. Kg2 Nf6
22. f3 Qa7 23. Rf2 Be3 24. Rc2 Bc5 25. Qc1 Nd7 26. h4 h5 27. Qe1 Rc8 28. Ra1 Bd4
29. Rac1 Rxc2+ 30. Rxc2 Nc5 31. Nxc5 Bxc5 32. b3 Kg7 33. Qe2 Qc7 34. Ra2 Qc8 35.
Qc2 Ra7 36. Qe2 Bd4 37. Qc2 Rc7 38. Bc4 Rc5 39. Qe2 Qc7 40. Bxa6 Rc1 41. Bc4 Ba7
42. Qb2 Rg1+ 43. Kh2 Qc5 44. Ra1 Rxa1 45. Qxa1 Qf2+ 46. Kh3 Qxf3 47. Qf1 Qxe4
48. Qg2 Qg4+ 49. Kh2 Qd4 50. Qf1 f5 51. a6 Qd2+ 52. Qe2 Qc1 53. Qf1 Qe3 54. Kg2
Kf6 55. Qe2 Qg1+ 56. Kh3 Bf2 57. Qf3 e4 58. Qg2 Qe1 59. Qf1 Qe3 60. Qg2 Ke5 61.
Kh2 f4 62. gxf4+ Qxf4+ 63. Kh1 Qxh4+ 64. Qh2+ Qxh2+ 65. Kxh2 Kf4 66. Bb5 g5 67.
Be8 h4 68. Kg2 Bc5 69. Kh3 g4+ 70. Kxh4 Bf2+ 0-1

[Event "ch-ISL 2016"]
[Site "Reykjavik ISL"]
[Date "2016.06.03"]
[Round "4.4"]
[White "Gislason, Gudmundur"]
[Black "Steingrimsson, Hedinn"]
[Result "1-0"]
[WhiteTitle "FM"]
[BlackTitle "GM"]
[WhiteElo "2280"]
[BlackElo "2574"]
[WhiteFideId "2300559"]
[BlackFideId "2300117"]
[EventDate "2016.05.31"]

1. e4 c5 2. Be2 Nc6 3. f4 g6 4. Nf3 Bg7 5. c3 Nf6 6. d3 d6 7. O-O O-O 8. Qe1 e6
9. Na3 Rb8 10. Nc4 Ne8 11. e5 b5 12. Nxd6 Nxd6 13. exd6 Qxd6 14. Qf2 Na5 15. Be3
Nb7 16. a4 a6 17. axb5 axb5 18. Ra7 Re8 19. Rfa1 Nd8 20. Ne5 Bf8 21. Ng4 Re7 22.
Bxc5 Rxa7 23. Nf6+ Kh8 24. Bxa7 Ra8 25. Ne8 Qd5 26. Qd4+ f6 27. Qxf6+ Kg8 28.
Qh4 Qb7 29. Qxd8 Rxa7 30. Rxa7 Qxa7+ 31. d4 Qb8 32. Nf6+ Kg7 33. g3 Qb7 34. Ne8+
Kf7 35. Nd6+ Bxd6 36. Qxd6 Bd7 37. Kf2 Bc6 38. Bg4 Bd5 39. Qd8 Bh1 40. Ke3 Qe4+
41. Kd2 Qg2+ 42. Be2 Qxh2 43. Qd7+ Kf6 44. Qe8 Qh6 45. Qxb5 Qf8 46. Qe5+ Kf7 47.
Qc7+ Kg8 48. Bc4 Bd5 49. Bxd5 exd5 50. Qd7 Qa8 51. g4 Qa2 52. Qb7 Qc4 53. f5
gxf5 54. gxf5 Qf1 55. Qxd5+ Kg7 56. Qe5+ Kh6 57. Qe3+ Kg7 58. Qg5+ Kf7 59. b4
Qf2+ 60. Kd3 Qf1+ 61. Kc2 Qe2+ 62. Kb3 Qd1+ 63. Kc4 Qf1+ 64. Kc5 Qa1 65. Qh5+
Kg7 66. f6+ Kxf6 67. Qh6+ Kf5 68. Qxh7+ Kf4 69. c4 Ke3 70. d5 Qd4+ 71. Kb5 Qe5
72. Qg6 Kd4 73. Qe6 Qb8+ 74. Qb6+ 1-0

[Event "ch-ISL 2016"]
[Site "Reykjavik ISL"]
[Date "2016.06.03"]
[Round "4.5"]
[White "Kjartansson, David"]
[Black "Gunnarsson, Jon Viktor"]
[Result "1-0"]
[WhiteTitle "FM"]
[BlackTitle "IM"]
[WhiteElo "2371"]
[BlackElo "2454"]
[WhiteFideId "2301130"]
[BlackFideId "2300931"]
[EventDate "2016.05.31"]

1. d4 Nf6 2. c4 c5 3. d5 b5 4. Nf3 g6 5. g3 Bg7 6. Bg2 bxc4 7. O-O O-O 8. Nc3 d6
9. Nd2 Ba6 10. Qa4 Qb6 11. Rb1 Qb4 12. Qc2 Nbd7 13. Nf3 Rab8 14. Bd2 Qb6 15. Bf4
Qc7 16. Rfd1 Nb6 17. Qd2 Rfe8 18. Bh6 Bh8 19. h3 Qd7 20. e4 Na4 21. e5 Nxc3 22.
Qxc3 Ne4 23. Qe3 f5 24. e6 Qa4 25. g4 Rxb2 26. gxf5 gxf5 27. Rbc1 Rxf2 28. Nh4
Bf6 29. Bxe4 Bxh4 30. Kh1 1-0

[Event "ch-ISL 2016"]
[Site "Reykjavik ISL"]
[Date "2016.06.03"]
[Round "4.6"]
[White "Hjartarson, Johann"]
[Black "Thorfinnsson, Bragi"]
[Result "1/2-1/2"]
[WhiteTitle "GM"]
[BlackTitle "IM"]
[WhiteElo "2547"]
[BlackElo "2426"]
[WhiteFideId "2300044"]
[BlackFideId "2300958"]
[EventDate "2016.05.31"]

1. e4 c5 2. Nf3 d6 3. d4 cxd4 4. Nxd4 Nf6 5. Nc3 a6 6. Be2 e6 7. O-O Be7 8. f4
Qc7 9. a4 Nc6 10. Be3 O-O 11. Kh1 Re8 12. Bf3 Rb8 13. Qd2 Nxd4 14. Bxd4 e5 15.
Ba7 Ra8 16. Be3 exf4 17. Bxf4 Be6 18. Rfd1 Red8 19. a5 Rac8 20. Ra4 b5 21. axb6
Qxb6 22. Rb1 Nd7 23. Nd5 Bxd5 24. exd5 Bf6 25. Be2 a5 26. Be3 Qc7 27. Rc4 Nc5
28. c3 Qe7 29. Bxc5 Rxc5 30. Rxc5 dxc5 31. Bb5 Be5 32. Re1 Qd6 33. g3 g6 34. c4
Qf6 35. Kg2 Bxb2 36. Rf1 Qd4 37. Qxa5 Rd6 38. Rf4 Qd3 39. Qa8+ Kg7 40. Rxf7+
Kxf7 41. Qe8+ Kg7 42. Qe7+ Kg8 43. Qe8+ 1/2-1/2

[Event "ch-ISL 2016"]
[Site "Reykjavik ISL"]
[Date "2016.06.04"]
[Round "5.1"]
[White "Thorfinnsson, Bragi"]
[Black "Thorfinnsson, Bjorn"]
[Result "1/2-1/2"]
[WhiteTitle "IM"]
[BlackTitle "IM"]
[WhiteElo "2426"]
[BlackElo "2410"]
[WhiteFideId "2300958"]
[BlackFideId "2300982"]
[EventDate "2016.05.31"]

1. Nf3 e6 2. c4 d5 3. e3 Nf6 4. b3 c5 5. Bb2 Nc6 6. cxd5 exd5 7. a3 d4 8. Bb5
dxe3 9. fxe3 Bd6 10. O-O O-O 11. Qc2 h6 12. e4 Nd4 13. Bxd4 cxd4 14. e5 Bxe5 15.
Nxe5 Qd5 16. Ng6 Qxb5 17. Nxf8 Kxf8 18. Qc7 Qd5 19. Qf4 Bd7 20. d3 Bc6 21. Rf2
Qxb3 22. Qxd4 Qd1+ 23. Rf1 Qe2 24. Rf2 Qe1+ 25. Rf1 Qe7 26. Nc3 Rd8 27. Qxa7 Ng4
28. h3 Ne3 29. Rf2 Nxg2 30. Rxg2 Bxg2 31. Kxg2 Qg5+ 32. Kh1 Qf5 33. Kg2 Qg6+ 34.
Kh2 Qd6+ 35. Kg2 Qe5 36. d4 Qg5+ 37. Kh1 Qg3 38. Qa5 Qxh3+ 39. Kg1 Qg4+ 40. Kh2
Qh4+ 41. Kg2 Rxd4 42. Ne2 Rg4+ 43. Kf3 Qh3+ 44. Kf2 Qg2+ 45. Ke1 Kg8 46. Qd8+
Kh7 47. Qd3+ Re4 48. Rc1 f5 49. Rc8 h5 50. Rc4 Qg1+ 51. Kd2 Qg5+ 52. Kd1 Rxc4
53. Qxc4 h4 54. Qd5 b6 55. Qf3 Qg4 56. Qxg4 fxg4 57. Kd2 Kg6 58. Ke3 Kf5 59. Nc3
Ke5 60. Ne2 g5 61. Nc3 g3 62. Kf3 Kd4 63. Nb5+ Kc5 64. Nc7 Kd4 65. Na8 g4+ 66.
Kg2 Kc5 67. Nc7 Kc4 68. Na8 Kb5 69. Nc7+ Ka4 70. Nd5 b5 71. Nc3+ Ka5 72. Nd5 Ka6
73. Nc3 Kb6 74. Ne4 Kc6 75. Nc3 Kc5 76. Ne4+ Kd5 77. Nc3+ Kc4 78. Ne2 Kb3 79.
Nd4+ Kc4 80. Ne2 Kd5 81. Nc3+ Kc5 82. Ne4+ Kd4 83. Nd6 Kc5 84. Ne4+ Kd5 1/2-1/2

[Event "ch-ISL 2016"]
[Site "Reykjavik ISL"]
[Date "2016.06.04"]
[Round "5.2"]
[White "Gunnarsson, Jon Viktor"]
[Black "Hjartarson, Johann"]
[Result "1/2-1/2"]
[WhiteTitle "IM"]
[BlackTitle "GM"]
[WhiteElo "2454"]
[BlackElo "2547"]
[WhiteFideId "2300931"]
[BlackFideId "2300044"]
[EventDate "2016.05.31"]

1. e4 e5 2. Nf3 Nc6 3. Bc4 Nf6 4. d3 Be7 5. O-O O-O 6. Re1 d6 7. a4 Be6 8. a5
Nd4 9. Nbd2 c5 10. c3 Nxf3+ 11. Nxf3 Bxc4 12. dxc4 a6 13. h3 Ne8 14. Nh2 Nc7 15.
Nf1 f5 16. exf5 Rxf5 17. Ng3 Rf7 18. Ne4 Qf8 19. Be3 Rb8 20. Qg4 g6 21. b4 cxb4
22. cxb4 d5 23. Nc5 d4 24. Nd7 dxe3 25. fxe3 Qe8 26. Nxb8 Qxb8 27. Rf1 Rxf1+ 28.
Rxf1 Qe8 29. c5 h5 30. Qe4 Bg5 31. Rf3 h4 32. Qxb7 e4 33. Rf1 Bxe3+ 34. Kh1 Qe7
35. Re1 Bf2 36. Qxe4 Qg5 37. Rf1 Bg3 38. b5 axb5 39. a6 Kg7 40. a7 Qd8 41. Qf3
b4 42. Qf7+ Kh6 43. Qf8+ Qxf8 44. Rxf8 b3 45. Rb8 Bf2 46. Rxb3 Bxc5 47. Rc3 Bxa7
48. Rxc7 Bb6 49. Rb7 Bf2 50. Rb2 Ba7 51. Kh2 Be3 52. Re2 Ba7 53. Re8 Bf2 54. Re4
Kh5 55. Re2 Bb6 56. Re5+ Kh6 57. Rd5 Bf2 58. Rb5 Ba7 59. Rb4 Kh5 60. g4+ hxg3+
61. Kxg3 Be3 62. Rg4 Kh6 63. Kf3 Bg5 64. Ke4 Bf6 65. Kd5 Bb2 66. Ke6 Kg7 67. Rb4
Bc3 68. Rb3 Bd4 69. Rb7+ Kg8 70. Rd7 Bb2 71. h4 Bc3 72. Rc7 Be1 73. Rc4 Kg7 74.
Re4 Bc3 75. Rg4 Kh6 76. Kf7 Kh5 77. Rxg6 Kxh4 78. Ke6 Kh3 79. Kf5 Kh2 80. Kf4
Bd4 81. Kf3 Ba7 82. Rg8 Bc5 83. Rc8 Bd4 84. Rd8 Bb6 85. Rd2+ Kh1 86. Rb2 Bc5 87.
Rg2 Bb6 88. Kg3 Bc5 89. Kh3 Bb6 90. Rb2 Bd4 91. Rb1+ Bg1 92. Rd1 1/2-1/2

[Event "ch-ISL 2016"]
[Site "Reykjavik ISL"]
[Date "2016.06.04"]
[Round "5.3"]
[White "Steingrimsson, Hedinn"]
[Black "Kjartansson, David"]
[Result "1-0"]
[WhiteTitle "GM"]
[BlackTitle "FM"]
[WhiteElo "2574"]
[BlackElo "2371"]
[WhiteFideId "2300117"]
[BlackFideId "2301130"]
[EventDate "2016.05.31"]

1. d4 Nf6 2. c4 e6 3. Nf3 Bb4+ 4. Nbd2 b6 5. a3 Bxd2+ 6. Qxd2 Bb7 7. e3 O-O 8.
Be2 c5 9. O-O cxd4 10. Nxd4 d5 11. Rd1 Nc6 12. b4 Ne5 13. cxd5 Qxd5 14. f3 Rac8
15. e4 Nxe4 16. fxe4 Qxe4 17. Bf1 Rfd8 18. Qe3 Qg4 19. Bb2 Nc4 20. Qf2 Nxb2 21.
Qxb2 h5 22. h3 Qe4 23. Nf3 Rxd1 24. Rxd1 Qe3+ 25. Qf2 Qxa3 26. Ng5 f6 27. Nxe6
Bc6 28. Rd3 Qa1 29. Rg3 g5 30. Nxg5 h4 31. Rg4 Bd7 32. Rd4 Rc2 33. Qxf6 1-0

[Event "ch-ISL 2016"]
[Site "Reykjavik ISL"]
[Date "2016.06.04"]
[Round "5.4"]
[White "Gretarsson, Hjorvar Steinn"]
[Black "Gislason, Gudmundur"]
[Result "0-1"]
[WhiteTitle "GM"]
[BlackTitle "FM"]
[WhiteElo "2580"]
[BlackElo "2280"]
[WhiteFideId "2302241"]
[BlackFideId "2300559"]
[EventDate "2016.05.31"]

1. d4 Nf6 2. c4 g6 3. g3 Bg7 4. Bg2 d5 5. Nf3 O-O 6. O-O dxc4 7. Na3 c3 8. bxc3
c5 9. e3 Nc6 10. Bb2 cxd4 11. cxd4 Be6 12. Ng5 Bg4 13. f3 Bd7 14. Qe2 Nd5 15. f4
e6 16. Rfd1 Qe7 17. Ne4 Ncb4 18. Nc5 Bc6 19. e4 Nb6 20. e5 Bxg2 21. Kxg2 N6d5
22. Nb5 b6 23. Ne4 Nc2 24. Rdc1 Nxa1 25. Ba3 Qd7 26. Bxf8 Bxf8 27. Rxa1 a6 28.
Nbc3 Nxc3 29. Nf6+ Kg7 30. Qf3 Qc8 31. Rc1 Bb4 32. a3 Ba5 33. Ne4 Ra7 34. Nd6
Qa8 0-1

[Event "ch-ISL 2016"]
[Site "Reykjavik ISL"]
[Date "2016.06.04"]
[Round "5.5"]
[White "Jensson, Einar Hjalti"]
[Black "Ingvason, Johann"]
[Result "1-0"]
[WhiteTitle "IM"]
[WhiteElo "2370"]
[BlackElo "2142"]
[WhiteFideId "2301067"]
[BlackFideId "2301431"]
[EventDate "2016.05.31"]

1. d4 d5 2. c4 e6 3. Nc3 Nf6 4. Bg5 h6 5. Bxf6 gxf6 6. cxd5 exd5 7. g3 c6 8. Bg2
Be6 9. Nf3 Qb6 10. Qc2 h5 11. O-O h4 12. Nxh4 Qxd4 13. e4 dxe4 14. Rad1 Qc4 15.
Rfe1 Rxh4 16. gxh4 f5 17. Bxe4 fxe4 18. Rxe4 Qc5 19. Rxe6+ fxe6 20. Qg6+ Ke7 21.
Qh7+ Ke8 22. Qg6+ Ke7 23. Qh7+ Ke8 24. Qxb7 Qb4 25. Qc8+ Kf7 26. Rd3 Be7 27. Rg3
Nd7 28. Qxa8 Nf6 29. Qxc6 Qxb2 30. Re3 Qc1+ 31. Kg2 e5 32. Rxe5 Bd8 33. Qe6+ Kf8
34. Qd6+ Kf7 35. Qxd8 1-0

[Event "ch-ISL 2016"]
[Site "Reykjavik ISL"]
[Date "2016.06.04"]
[Round "5.6"]
[White "Kjartansson, Gudmundur"]
[Black "Johannsson, Orn Leo"]
[Result "1/2-1/2"]
[WhiteTitle "IM"]
[WhiteElo "2457"]
[BlackElo "2226"]
[WhiteFideId "2301318"]
[BlackFideId "2303051"]
[EventDate "2016.05.31"]

1. c4 e5 2. g3 Nf6 3. Bg2 d5 4. cxd5 Nxd5 5. Nf3 Bd6 6. O-O c6 7. Nc3 Nxc3 8.
bxc3 O-O 9. d3 Qe7 10. Nd2 Be6 11. Ne4 Ba3 12. Bxa3 Qxa3 13. Qb1 Qe7 14. Qb4
Qxb4 15. cxb4 a5 16. bxa5 Rxa5 17. Rfb1 b5 18. Nc5 Rxa2 19. Nxe6 Rxa1 20. Rxa1
fxe6 21. Kf1 Kf7 22. h4 Kf6 23. Ra8 Rd8 24. Ra7 Rc8 25. g4 h6 26. e3 c5 27. Be4
c4 28. dxc4 bxc4 29. f4 exf4 30. exf4 g5 31. fxg5+ hxg5 32. h5 Ke5 33. Bc2 Nc6
34. Ra2 Kd4 35. Bg6 Ne5 36. Rd2+ Kc5 37. Re2 Nxg6 38. hxg6 c3 39. Ke1 Kd4 40.
Kd1 e5 41. Rf2 e4 42. g7 e3 43. Rf8 c2+ 44. Kc1 e2 45. Rxc8 e1=Q+ 46. Kxc2 Qe2+
47. Kc1 Qf1+ 48. Kb2 Qb5+ 49. Kc1 Qf1+ 50. Kb2 Qe2+ 51. Kc1 Qe3+ 52. Kc2 Qe4+
53. Kc1 Qh1+ 54. Kd2 Qg2+ 55. Kc1 Qf1+ 1/2-1/2

[Event "ch-ISL 2016"]
[Site "Reykjavik ISL"]
[Date "2016.06.05"]
[Round "6.1"]
[White "Thorfinnsson, Bjorn"]
[Black "Johannsson, Orn Leo"]
[Result "0-1"]
[WhiteTitle "IM"]
[WhiteElo "2410"]
[BlackElo "2226"]
[WhiteFideId "2300982"]
[BlackFideId "2303051"]
[EventDate "2016.05.31"]

1. Nf3 d5 2. c4 c6 3. g3 Nf6 4. Bg2 Bg4 5. b3 Bxf3 6. Bxf3 e6 7. Bb2 Nbd7 8. g4
h6 9. h4 Bd6 10. Rg1 Ne5 11. Bxe5 Bxe5 12. d4 Bh2 13. Rh1 Bc7 14. Nc3 e5 15.
cxd5 Ba5 16. Rc1 Nxd5 17. Bxd5 Qxd5 18. Rh3 exd4 19. e4 Qc5 0-1

[Event "ch-ISL 2016"]
[Site "Reykjavik ISL"]
[Date "2016.06.05"]
[Round "6.2"]
[White "Ingvason, Johann"]
[Black "Kjartansson, Gudmundur"]
[Result "0-1"]
[BlackTitle "IM"]
[WhiteElo "2142"]
[BlackElo "2457"]
[WhiteFideId "2301431"]
[BlackFideId "2301318"]
[EventDate "2016.05.31"]

1. e4 c6 2. d4 d5 3. Nc3 dxe4 4. Nxe4 Bf5 5. Ng3 Bg6 6. Nf3 Nf6 7. h4 Nh5 8.
Nxh5 Bxh5 9. Bc4 e6 10. Qd3 Bxf3 11. gxf3 Nd7 12. Be3 Nb6 13. Bb3 Qf6 14. Qe2
Qf5 15. O-O-O Nd5 16. c3 Bd6 17. Rdg1 Nf4 18. Qd2 g6 19. Bc2 Qf6 20. Be4 h5 21.
Kb1 O-O 22. Qc2 Kh8 23. Rg5 Rad8 24. Bc1 Rfe8 25. Be3 Kg8 26. Qc1 Kf8 27. Re5
Nd5 28. Bh6+ Kg8 29. Rxh5 Bf4 30. Bxf4 Nxf4 31. Rg5 e5 32. Rhg1 Ne2 33. Rxg6+
fxg6 0-1

[Event "ch-ISL 2016"]
[Site "Reykjavik ISL"]
[Date "2016.06.05"]
[Round "6.3"]
[White "Gislason, Gudmundur"]
[Black "Jensson, Einar Hjalti"]
[Result "1-0"]
[WhiteTitle "FM"]
[BlackTitle "IM"]
[WhiteElo "2280"]
[BlackElo "2370"]
[WhiteFideId "2300559"]
[BlackFideId "2301067"]
[EventDate "2016.05.31"]

1. Nf3 d5 2. g3 g6 3. Bg2 Bg7 4. d4 Nf6 5. O-O O-O 6. c4 c6 7. Bf4 dxc4 8. Qc1
Be6 9. Bh6 Bd5 10. Bxg7 Kxg7 11. Rd1 Nbd7 12. Nbd2 c5 13. dxc5 Rc8 14. e4 Nxe4
15. Nxe4 Bxe4 16. Ne5 Bd3 17. Nxd3 cxd3 18. Rxd3 Qc7 19. b4 Ne5 20. Qc3 f6 21.
Re3 Rfe8 22. Rae1 h5 23. Rxe5 fxe5 24. Rxe5 e6 25. Be4 Kf7 26. Rg5 Rg8 27. Qf3+
Ke7 28. Bxg6 Rg7 29. Bxh5 Rcg8 30. Rxg7+ Rxg7 31. Qe4 b6 32. Qh4+ Kd7 33. Qd4+
Kc8 34. Bg4 Re7 35. Qc4 Qc6 36. h4 Kc7 37. h5 e5 38. cxb6+ axb6 39. Qxc6+ Kxc6
40. Bf5 Kd6 41. h6 Re8 42. h7 Ke7 43. Be4 Kf6 44. Kg2 Kg7 45. Kf3 Rc8 46. Bd5
Rf8+ 47. Ke3 Kxh7 48. a4 Rc8 49. Ke4 Rc2 50. f3 Re2+ 51. Kf5 Kg7 52. Ke6 Kf8 53.
Kd6 Rb2 54. b5 Rb4 55. Kc6 Ke7 56. Kxb6 Kd6 57. Ka5 Kc5 58. Be4 Rb2 59. g4 Rg2
60. b6 Rb2 61. b7 Kd6 62. g5 Kc7 63. g6 Kb8 64. f4 Rb3 65. f5 Ka7 66. f6 Rb2 67.
f7 Rb6 68. f8=B 1-0

[Event "ch-ISL 2016"]
[Site "Reykjavik ISL"]
[Date "2016.06.05"]
[Round "6.5"]
[White "Hjartarson, Johann"]
[Black "Steingrimsson, Hedinn"]
[Result "1/2-1/2"]
[WhiteTitle "GM"]
[BlackTitle "GM"]
[WhiteElo "2547"]
[BlackElo "2574"]
[WhiteFideId "2300044"]
[BlackFideId "2300117"]
[EventDate "2016.05.31"]

1. c4 c6 2. e4 d5 3. exd5 cxd5 4. cxd5 Nf6 5. Nc3 Nxd5 6. Nf3 Nxc3 7. bxc3 g6 8.
d4 Bg7 9. h4 Qc7 10. h5 Qxc3+ 11. Bd2 Qc7 12. Rc1 Qd8 13. Bc4 Nc6 14. Qb3 e6 15.
d5 exd5 16. Bxd5 O-O 17. hxg6 hxg6 18. Bc3 Bg4 19. Bxg7 Qe7+ 20. Kf1 Kxg7 21.
Qb2+ f6 22. Re1 Qd7 23. Bxc6 bxc6 24. Ne5 fxe5 25. Qxe5+ Rf6 26. Qg5 Rg8 27. Rh4
Qf5 28. Qh6+ Kf7 29. Qe3 Re6 30. Qxa7+ Kf6 31. Qd4+ Kg5 32. Rxg4+ Qxg4 33. Qxg4+
Kxg4 34. Rxe6 c5 35. Rc6 Ra8 36. Rxg6+ Kf4 37. Re6 Rxa2 38. g3+ Kf5 39. Re8 c4
40. Re3 Rb2 41. Ke1 Rb1+ 42. Kd2 Rb2+ 43. Kc3 1/2-1/2

[Event "ch-ISL 2016"]
[Site "Reykjavik ISL"]
[Date "2016.06.05"]
[Round "6.6"]
[White "Thorfinnsson, Bragi"]
[Black "Gunnarsson, Jon Viktor"]
[Result "1/2-1/2"]
[WhiteTitle "IM"]
[BlackTitle "IM"]
[WhiteElo "2426"]
[BlackElo "2454"]
[WhiteFideId "2300958"]
[BlackFideId "2300931"]
[EventDate "2016.05.31"]

1. d4 Nf6 2. Nf3 e6 3. Bf4 c5 4. e3 b6 5. Nbd2 Be7 6. h3 d6 7. c3 O-O 8. Be2 Bb7
9. Qb1 Nbd7 10. Bh2 Qc7 11. O-O Rac8 12. a4 a6 13. Re1 Rfe8 14. Bf1 Bf8 15. e4
cxd4 16. Nxd4 Qb8 17. c4 g6 18. b4 a5 19. Nb5 e5 20. bxa5 bxa5 21. f3 Nc5 22.
Kh1 Nh5 23. Nb3 Qa8 24. Qb2 Qa6 25. Red1 Red8 26. Qc3 Nxb3 27. Qxb3 Bc6 28. Qe3
Qb7 29. Qe1 Ra8 30. Qe3 Qe7 31. Ra2 Qh4 1/2-1/2

[Event "ch-ISL 2016"]
[Site "Reykjavik ISL"]
[Date "2016.06.07"]
[Round "7.1"]
[White "Gunnarsson, Jon Viktor"]
[Black "Thorfinnsson, Bjorn"]
[Result "1-0"]
[WhiteTitle "IM"]
[BlackTitle "IM"]
[WhiteElo "2454"]
[BlackElo "2410"]
[WhiteFideId "2300931"]
[BlackFideId "2300982"]
[EventDate "2016.05.31"]

1. e4 e5 2. Nf3 Nc6 3. Bc4 Nf6 4. d3 Be7 5. O-O d6 6. a4 Be6 7. Nbd2 O-O 8. c3
a6 9. Re1 Re8 10. b4 d5 11. exd5 Nxd5 12. Ne4 Nf4 13. Bxf4 Bxc4 14. dxc4 Qxd1
15. Raxd1 exf4 16. Rd5 g6 17. Kf1 f5 18. Nc5 Bf6 19. Rxe8+ Rxe8 20. Rd3 a5 21.
b5 Nd8 22. h4 Be7 23. Nb3 Ne6 24. Rd7 Bd6 25. c5 Nf8 26. Rxd6 cxd6 27. Nxa5 Rb8
28. Nxb7 dxc5 29. Nxc5 Rc8 30. Nb3 Rxc3 31. Nfd4 Nd7 32. a5 Rc4 33. Ke2 h6 34.
b6 Rb4 35. Kd3 Nxb6 36. axb6 Rxb6 37. h5 gxh5 38. Ke2 Kf7 39. Kf3 Rb4 40. Kxf4
Kf6 41. Ke3 Ra4 42. Nc5 Ra3+ 43. Kf4 Ra2 44. Nd3 Ra4 45. Ke3 h4 46. f4 Ra1 47.
Nf3 Rh1 48. Nf2 Ra1 49. Nxh4 Ra3+ 50. Nd3 Ra2 51. Ne5 Ra3+ 52. Kf2 Ra2+ 53. Kg3
Ra3+ 54. Kh2 Ra7 55. g3 Ra2+ 56. Kh3 Ke6 57. Nef3 Ra4 58. Nh2 Ra1 59. Kg2 Ra2+
60. Kg1 Kf6 61. Nf1 Re2 62. Ng2 Ra2 63. Nfe3 Re2 64. Kf1 Ra2 65. Nh4 Ra5 66. Kg2
h5 67. Nhxf5 Rxf5 68. Nxf5 Kxf5 69. Kf3 Kg6 70. Ke4 Kf6 71. f5 1-0

[Event "ch-ISL 2016"]
[Site "Reykjavik ISL"]
[Date "2016.06.07"]
[Round "7.2"]
[White "Steingrimsson, Hedinn"]
[Black "Thorfinnsson, Bragi"]
[Result "1/2-1/2"]
[WhiteTitle "GM"]
[BlackTitle "IM"]
[WhiteElo "2574"]
[BlackElo "2426"]
[WhiteFideId "2300117"]
[BlackFideId "2300958"]
[EventDate "2016.05.31"]

1. d4 d5 2. c4 e6 3. Nc3 Be7 4. Nf3 Nf6 5. Bf4 O-O 6. e3 Nbd7 7. a3 c5 8. cxd5
Nxd5 9. Nxd5 exd5 10. dxc5 Nxc5 11. Be5 Bf6 12. Be2 Bxe5 13. Nxe5 Bf5 14. Nf3
Be4 15. O-O Rc8 16. Rc1 Qb6 17. b4 Ne6 18. Qd2 h6 19. a4 a6 20. a5 Qd6 21. Rfd1
Rfd8 22. Nd4 Nxd4 23. Qxd4 Qg6 24. Bf1 Bc2 25. Re1 Qe4 26. Qd2 Qg6 27. h3 Bb3
28. g3 Bc2 29. Qd4 Be4 30. Be2 h5 31. Qe5 h4 32. Bh5 Qf5 33. Qxf5 Bxf5 34. gxh4
Rc4 35. Rxc4 dxc4 36. Rc1 Bd3 37. Bf3 Rd7 38. h5 f5 39. Kg2 Kf7 40. Kg3 Ke7 41.
Kf4 Kd6 42. e4 fxe4 43. Bxe4 Rf7+ 44. Ke3 Bxe4 45. Kxe4 Rxf2 46. Rxc4 Rh2 47.
Rc3 Rb2 48. Kf5 Rxb4 49. Kg6 Rb5 50. Ra3 Kc6 51. h4 Rc5 52. Rg3 Rxa5 53. Rg5 Ra4
54. Kxg7 Rxh4 55. h6 a5 56. Rxa5 b5 57. h7 Rg4+ 58. Kf7 Rh4 59. Kg6 Kc5 60. Ra8
Rxh7 61. Kxh7 b4 62. Kg6 b3 63. Kf5 Kd4 64. Rb8 Kc3 65. Ke4 b2 66. Ke3 Kc2 67.
Rc8+ Kb3 68. Kd2 b1=Q 69. Rb8+ Ka2 70. Rxb1 1/2-1/2

[Event "ch-ISL 2016"]
[Site "Reykjavik ISL"]
[Date "2016.06.07"]
[Round "7.3"]
[White "Gretarsson, Hjorvar Steinn"]
[Black "Hjartarson, Johann"]
[Result "0-1"]
[WhiteTitle "GM"]
[BlackTitle "GM"]
[WhiteElo "2580"]
[BlackElo "2547"]
[WhiteFideId "2302241"]
[BlackFideId "2300044"]
[EventDate "2016.05.31"]

1. d4 Nf6 2. c4 g6 3. g3 Bg7 4. Bg2 O-O 5. Nf3 d6 6. O-O Nbd7 7. Nc3 e5 8. e4 c6
9. h3 a6 10. a4 exd4 11. Nxd4 Re8 12. Be3 Nc5 13. Qc2 a5 14. Rfd1 Qe7 15. Re1
Nfd7 16. Rad1 h5 17. b3 Na6 18. f4 Ndc5 19. Bf2 Nb4 20. Qb1 g5 21. e5 dxe5 22.
fxe5 g4 23. h4 Bxe5 24. Rxe5 Qxe5 25. Re1 Bf5 26. Rxe5 Bxb1 27. Rxh5 Ne4 28.
Bxe4 Bxe4 29. Rg5+ Kh8 30. Rxg4 Bg6 31. h5 Bd3 32. Nf3 Nc2 33. Ng5 Re7 34. Bc5
Re1+ 35. Kg2 f6 36. Nf7+ Kh7 37. Rf4 Kg7 38. Nd6 Re5 39. Bf2 Rxh5 40. Nxb7 Rah8
41. Nc5 Bg6 42. Kf3 Rxc5 43. Bxc5 Ne1+ 44. Kg4 f5+ 0-1

[Event "ch-ISL 2016"]
[Site "Reykjavik ISL"]
[Date "2016.06.07"]
[Round "7.4"]
[White "Jensson, Einar Hjalti"]
[Black "Kjartansson, David"]
[Result "1-0"]
[WhiteTitle "IM"]
[BlackTitle "FM"]
[WhiteElo "2370"]
[BlackElo "2371"]
[WhiteFideId "2301067"]
[BlackFideId "2301130"]
[EventDate "2016.05.31"]

1. c4 d6 2. g3 c5 3. Bg2 Nc6 4. Nc3 Nf6 5. e4 g6 6. Nge2 Bg7 7. O-O O-O 8. a3
Ne8 9. b4 Nc7 10. Rb1 Ne6 11. Kh1 Ned4 12. Ng1 Rb8 13. d3 cxb4 14. axb4 b5 15.
Be3 Bd7 16. Qd2 e6 17. Nge2 Nxe2 18. Nxe2 a5 19. c5 Nxb4 20. cxd6 Rc8 21. Rfc1
Be5 22. Bc5 Na6 23. d4 Nxc5 24. dxc5 b4 25. f4 Bg7 26. e5 f6 27. exf6 Bxf6 28.
c6 Bxc6 29. Rxc6 Rxc6 30. Bxc6 Qb6 31. Ba4 Qb7+ 32. Kg1 Bd8 33. h4 Qf3 34. Kh2
Qf2+ 35. Kh3 e5 36. Rd1 Kg7 37. Bc6 Bf6 38. d7 b3 39. fxe5 Qf5+ 40. Kg2 Qxe5 41.
Nf4 b2 42. Qd5 Qxd5+ 43. Bxd5 Rb8 44. Ba2 Bd8 45. Rf1 Kf6 46. Ne6+ Ke5 47. Nxd8
Rxd8 48. Rb1 Rxd7 49. Rxb2 Kf6 50. Rb6+ Kg7 51. Bc4 Rc7 52. Bd3 Rc3 53. Be4 a4
54. Rb7+ Kg8 55. Ra7 a3 56. Kh3 Re3 57. Bd5+ Kh8 58. Kg4 Rd3 59. Be4 Rc3 60. Kf4
Rb3 61. g4 Rc3 62. Ke5 h5 63. Kf6 Rc8 64. g5 1-0

[Event "ch-ISL 2016"]
[Site "Reykjavik ISL"]
[Date "2016.06.07"]
[Round "7.5"]
[White "Kjartansson, Gudmundur"]
[Black "Gislason, Gudmundur"]
[Result "0-1"]
[WhiteTitle "IM"]
[BlackTitle "FM"]
[WhiteElo "2457"]
[BlackElo "2280"]
[WhiteFideId "2301318"]
[BlackFideId "2300559"]
[EventDate "2016.05.31"]

1. c4 Nf6 2. Nc3 g6 3. e4 Bg7 4. d4 O-O 5. Nf3 d6 6. Be2 e5 7. O-O Nc6 8. d5 Ne7
9. Ne1 Nd7 10. Be3 f5 11. f3 f4 12. Bf2 g5 13. Rc1 Rf6 14. Nd3 Rh6 15. c5 Qe8
16. Nb5 Qh5 17. h4 gxh4 18. Kh2 Rg6 19. Nxc7 h3 20. g4 fxg3+ 21. Bxg3 Rxg3 22.
Kxg3 Qg5+ 23. Kf2 Qh4+ 24. Ke3 Bh6+ 25. f4 exf4+ 26. Kd2 f3+ 27. Kc2 fxe2 28.
Qxe2 Bxc1 29. Nxa8 Bg5 30. cxd6 Ng6 31. Nc7 Nf6 32. e5 Qc4+ 33. Kd1 Bg4 34. exf6 0-1